000 00614pam a2200229 a 4500
001 1034644
005 20180130040344.0
008 890206m19899999nyua b 001 0 eng c
010 _a 89000775
020 _a0443085447 (v. 1)
040 _aDNLM/DLC
_cDLC
_dDLC
041 _aeng
060 _aWO 440 P371
080 _a617.96798
082 0 0 _a617.96798 GRE
_219
100 _a6
101 _aANE
245 0 0 _aPediatric anesthesia /
_cedited by George A. Gregory.
504 _aIncludes bibliographical references and index.
906 _a7
_bcbc
_corignew
_d1
_eocip
_f19
_gy-gencatlg
942 _2ddc
_cBK
999 _c41242
_d41242